| 000 | 00000nam##2200000za#4500 |
| 001 | 9.572148 |
| 003 | CaOODSP |
| 005 | 20231208112823 |
| 007 | cr ||||||||||| |
| 008 | 150406|2008||||xxc|||||o f|0| 0 eng|d |
| 040 | |aCaOODSP|beng |
| 043 | |an-cn--- |
| 086 | 1 |aPS83-5/R192E-PDF |
| 110 | 1 |aCorrectional Service Canada. |bResearch Branch. |
| 245 | 10|aRates of recidivism for women offenders / |h[electronic resource]|cprepared by Renée Gobeil. |
| 260 | |bCorrectional Service Canada. |cSeptember 2008. |
| 300 | |a1p.|btable |
| 490 | 1 |aResearch at a glance|vR192 |
| 500 | |aFor the associated Research Report, please see PS83-3/192E-PDF. |
| 504 | |aBibliography. |
| 590 | |a11-27-Supp|b2011-11-15 |
| 720 | 1 |aGobeil, Renée |
| 775 | 08|tTaux de récidive des délinquantes / |w(CaOODSP)9.602561 |
| 830 | #0|aResearch at a glance (Correctional Service Canada)|vR192|w(CaOODSP)9.506649 |
| 856 | 40|ahttp://publications.gc.ca|qPDF|s105 KB|uhttps://publications.gc.ca/collections/collection_2011/scc-csc/PS83-5-R192-eng.pdf|yR192 |